00638cam a22002291 4500001001300000003000400013005001700017008004100034010001700075035001800092040001800110042001200128050001800140110003600158245006600194260002200260300003500282500001700317650003200334650002500366999001700391sa 68019808 DLC20260227112720.0730130s1968 xx 000 0 ind  asa 68019808  a(OCoLC)547732 aDLCcOAUdDLC apremarc00aHE887b.A52681 aIndonesia.bDepartemen Maritim.00aProgram umum dan rentjana pembangunan lima tahun (1969-1973). a[Djakarta,c1968] aiv, 96 l.bfold. maps.c33 cm. aCover title. 0aMerchant marinezIndonesia. 0aShippingzIndonesia. c89086d89086